<?xml version="1.0" encoding="UTF-8"?><?xml-stylesheet type="text/xsl" href="static/style.xsl"?><OAI-PMH xmlns="http://www.openarchives.org/OAI/2.0/" xmlns:xsi="http://www.w3.org/2001/XMLSchema-instance" xsi:schemaLocation="http://www.openarchives.org/OAI/2.0/ http://www.openarchives.org/OAI/2.0/OAI-PMH.xsd"><responseDate>2026-04-17T06:50:39Z</responseDate><request verb="GetRecord" identifier="oai:www.recercat.cat:2445/98888" metadataPrefix="marc">https://recercat.cat/oai/request</request><GetRecord><record><header><identifier>oai:recercat.cat:2445/98888</identifier><datestamp>2025-12-06T03:24:40Z</datestamp><setSpec>com_2072_1057</setSpec><setSpec>col_2072_478801</setSpec><setSpec>col_2072_478917</setSpec></header><metadata><record xmlns="http://www.loc.gov/MARC21/slim" xmlns:dcterms="http://purl.org/dc/terms/" xmlns:xsi="http://www.w3.org/2001/XMLSchema-instance" xmlns:doc="http://www.lyncode.com/xoai" xsi:schemaLocation="http://www.loc.gov/MARC21/slim http://www.loc.gov/standards/marcxml/schema/MARC21slim.xsd">
   <leader>00925njm 22002777a 4500</leader>
   <datafield ind2=" " ind1=" " tag="042">
      <subfield code="a">dc</subfield>
   </datafield>
   <datafield ind2=" " ind1=" " tag="720">
      <subfield code="a">Fuente Arnanz, Javier de la</subfield>
      <subfield code="e">author</subfield>
   </datafield>
   <datafield ind2=" " ind1=" " tag="260">
      <subfield code="c">2016-05-26T10:02:03Z</subfield>
   </datafield>
   <datafield ind2=" " ind1=" " tag="260">
      <subfield code="c">2016-05-26T10:02:03Z</subfield>
   </datafield>
   <datafield ind2=" " ind1=" " tag="260">
      <subfield code="c">1992</subfield>
   </datafield>
   <datafield ind2=" " ind1=" " tag="260">
      <subfield code="c">2016-05-26T10:02:08Z</subfield>
   </datafield>
   <datafield ind2=" " ind1=" " tag="520">
      <subfield code="a">El trabajo que presentamos pretende, en primer lugar, ofrecer una revisión y ordenación conceptual del trabajo experimental desarrollado so- bre el proceso de recuperación de analogos en solución de problemas por analogia. También se analizaron resultados de algunos trabajos relaciona- dos indirectamente con este tema de investigación. Un segundo objetivo 10 constituyó la evaluación de un modelo sobre solución de problemas por analogia, recientemente propuesto (Holyoak y Thagard, 1989), respecto al proceso de recuperación de análogos. El análisis desarrollado puso de ma- nifiesto que los resultados experimentales se integran dentro de tres lineas básicas de investigación: a) La participación de estructuras de conociiniento general en el proceso de recuperación de análogos; b) La dificultad de re- cuperación de análogos interdominio; y c) La participación de rasgos su- perficiales en el proceso de recuperación de análogos. Por otra parte, se discuten 10s aspectos del modelo de Holyoak y Thagard que explican co- herentemente 10s resultados obtenidos, asicomo algunos aspectos que, de momento, caen fuera del espectro explicativo de este modelo. Palabras clave: Recuperación de análogos, solución de problemas por analogia, analogia.</subfield>
   </datafield>
   <datafield tag="653" ind2=" " ind1=" ">
      <subfield code="a">Pensament</subfield>
   </datafield>
   <datafield tag="653" ind2=" " ind1=" ">
      <subfield code="a">Analogia (Lingüística)</subfield>
   </datafield>
   <datafield tag="653" ind2=" " ind1=" ">
      <subfield code="a">Resolució de problemes</subfield>
   </datafield>
   <datafield tag="653" ind2=" " ind1=" ">
      <subfield code="a">Thinking</subfield>
   </datafield>
   <datafield tag="653" ind2=" " ind1=" ">
      <subfield code="a">Analogy (Linguistics)</subfield>
   </datafield>
   <datafield tag="653" ind2=" " ind1=" ">
      <subfield code="a">Problem solving</subfield>
   </datafield>
   <datafield ind2="0" ind1="0" tag="245">
      <subfield code="a">El problema de recordar un problema para resolver un problema</subfield>
   </datafield>
</record></metadata></record></GetRecord></OAI-PMH>